Maroc ou Algérie - Statistiques

Statistiques générales
  • Ce quiz a été pris 3 481 fois
  • Le résultat moyen est 6 sur 10
Statistiques - réponses
Question Réponse % Correct
J'ai adopté comme monnaie officielle le Dinar... Algérie
90%
Je suis une monarchie constitutionnelle... Maroc
86%
J'ai été colonisé par la France en 1830... Algérie
79%
J'ai un drapeau qui contient du vert et du rouge... Les deux
79%
Je suis un allié majeur de l'OTAN, sans pour autant en faire parti... Maroc
69%
J'ai plus de 28 millions d'habitants sur mon territoire... Les deux
63%
J'ai été une colonie de peuplement de l'empire coloniale français... Algérie
55%
J'ai les plus anciennes traces d'hominidé retrouvé de la région sur mon territoire... Algérie
36%
J'ai été une province de l'Empire romain... Les deux
36%
Je suis considéré comme un pays fondateur de l'unité géographique et économique du Maghreb en 661... Les deux
15%
Aucun quiz correspondant
Distribution des résultats
% des personnes avec chaque résultat
Percentile par nombre de réponses
Votre historique - résultats
Vous n’avez pas pris ce quiz